Manažerská motivační strategie

Saved in:
Bibliographic Details
Main Author: Stýblo, Jiří
Format: Book
Language:Czech
Published: Praha Management Press 1992
Edition:1. vyd.
Subjects:
Tags: Add Tag
No Tags, Be the first to tag this record!

MARC

LEADER 00000nam a2200000 4500
001 c001140
005 20221214085914.0
020 |a 80-85603-05-5 
041 0 |a cze 
044 |a CZ 
245 1 0 |a Manažerská motivační strategie  |c Jiří Stýblo 
250 |a 1. vyd. 
264 1 |a Praha  |b Management Press  |c 1992 
300 |a 74 s. 
610 2 0 |a manažment 
610 2 0 |a motivácia pracovná 
610 2 0 |a podnik 
610 2 0 |a riadenie 
610 2 0 |a komunikácia 
610 2 0 |a práca personálna 
610 2 0 |a vzdelávanie 
100 1 |a Stýblo, Jiří